| 000 | 00591nam a2200217Ia 4500 | ||
|---|---|---|---|
| 005 | 20241129110140.0 | ||
| 008 | 241129s9999||||xx |||||||||||||| ||und|| | ||
| 020 | _a9789957071432 | ||
| 037 | _aTB | ||
| 040 |
_aARTS _beng _cARTS |
||
| 041 |
_aeng _2ara |
||
| 084 |
_aP:3 28Q4 _qARTS |
||
| 100 |
_aSamrai Fazil Saleh Au. _9586883 |
||
| 245 | 0 |
_aTehqeeqat nahuiya _cSamrai Fazil Saleh Au. |
|
| 260 |
_aOman, Oman _bOman Darul fikr _c2014 |
||
| 300 | _a111p. | ||
| 365 |
_aINR _b1250 |
||
| 650 |
_aLinguistcsGrammar _9727186 |
||
| 942 |
_cTB _hP:3 28Q4 |
||
| 999 |
_c1227493 _d1227493 |
||